00986nam a2200253 i 4500003000900000005001700009007000300026008003700029020001800066040003100084082002900115100004100144245017700185264005000362300004400412336002700456337003300483338002800516490002500544650003500569650003500604700004200639710005100681DO-SdBPM20241218115607.0ta140626s2023 dr a c 000 0 spa d a9789945510508 aDO-SdBNPbspacBPMSU erda 4aRD863.44bL937d 20232221 a Luciano López, Margarita eautora13aEl día en que dos ciudades contrarias descubrieron que eran hermanas: b¿Quién se robó el verde? /c Margarita Luciano López ; ilustraciones Ezequiel Martínez  aSanto Domingo :bMinisterio de Cultura c2023 a15 páginas :bilustraciones ;c27 cm. 2rdacontentatextobtxt 2rdamediaasin mediaciónbn 2rdacarrieravolumenbnc0 aBiblioteca Infantil  4aCuentos infantiles dominicanos 4aLiteratura infantil dominicana1 a Martínez, Ezequiel eilustraciones2 aMinisterio de Cultura (República Dominicana)